000 02220nam0a2200445 4500
001 RU\NLR\bibl\1915910
005 20250616201111.0
010 _a978-5-7213-0452-1
_9300
021 _aRU
_b2012-39499
_92923
035 _a(nilc)LIBNET\0000249188
035 _a2VIL\RUSMED\0000212593
035 _a(NLR Aleph) 001905402
090 _a3103839
_c3103839
100 _a20120530d2011 |||y0rusy50 ca
101 0 _arus
102 _aRU
105 _aa |||||||||
200 1 _aСовершенствование обеспечения воинской части медицинской техникой и имуществом
_fСидельников С. А., Коршевер Н. Г.
_gМ-во здравоохранения и соц. развития Рос. Федерации, Гос. бюджет. образоват. учреждение высш. проф. образования "Сарат. гос. мед. ун-т им. В. И. Разумовского" М-ва здравоохранения и соц. развития Рос. Федерации
210 _aСаратов
_cИзд-во Сарат. мед. ун-та
_d2011
215 _a174 с.
_cил.
_d20
320 _aБиблиогр.: с. 129-154 (369 назв.)
601 0 1 _aРоссийская Федерация
_bВооруженные силы
_xМедико-санитарное снабжение
_92620501
_3RU\NLR\auth\661557061
606 1 _aВОЕННАЯ МЕДИЦИНА
_xоборудование
_2rus_mesh
_3R9054-6.1
606 1 _aMILITARY MEDICINE
_xinstrumentation
_2rus_mesh
_3E9054-6.1
686 _a76.35.31
_2rugasnti
686 _a76.13
_2rugasnti
686 _aH02.403.500 - оборудование
_v2011
_2MESH
686 _aH02.403.500 - instrumentation
_v2011
_2MESH
686 _aЦ7,6(2Р)64
700 1 _aСидельников
_bС. А.
_gСергей Алексеевич
_4070
701 1 _aКоршевер
_bН. Г.
_gНатан Григорьевич
_4070
801 0 _aRU
_bЦНМБ
_c20120530
_gPSBO
801 1 _aRU
_bЦНМБ
_c20120530
801 2 _aRU
_bЦНМБ
_c20120614
801 2 _aRU
_bNLR
_c20120620
_grcr
830 _aпо кн
942 _cBOOK
980 _aNBR
980 _aNB